| Tag |
First Indicator |
Second Indicator |
Subfields |
| LEADER |
00000cam a2200000 a 4500 |
| 001 |
in00000096701 |
| 005 |
20150924084835.0 |
| 008 |
731003s1971 coua b 00010 eng d |
| 035 |
|
|
|a (OCoLC)00708579
|
| 035 |
|
|
|9 AAK8835AM
|
| 040 |
|
|
|a OSU
|c OSU
|d TXA
|d UtOrBLW
|
| 049 |
|
|
|a TXAM
|c [1655949]
|
| 090 |
|
|
|a HB74.5
|b H44 1971a
|
| 100 |
1 |
|
|a Helburn, Suzanne W.
|q (Suzanne Wiggins),
|d 1930-
|
| 245 |
1 |
0 |
|a Preparing to teach economics :
|b sources and approaches /
|c by Suzanne Wiggins Helburn.
|
| 264 |
|
1 |
|a Boulder, Colo :
|b ERIC Clearinghouse for Social Studies/ Social Science Education :
|b Social Science Education Consortium;
|c [1971?]
|
| 264 |
|
2 |
|a Bethesda, Md. :
|b For sale by ERIC Document Reproduction Service,
|
| 300 |
|
|
|a 24 pages :
|b illustrations ;
|c 28 cm.
|
| 336 |
|
|
|a text
|b txt
|2 rdacontent
|
| 337 |
|
|
|a unmediated
|b n
|2 rdamedia
|
| 338 |
|
|
|a volume
|b nc
|2 rdacarrier
|
| 490 |
1 |
|
|a SSEC publication ;
|v no. 142
|
| 490 |
1 |
|
|a ERIC/ChESS interpretative series ;
|v no. 2
|
| 504 |
|
|
|a Bibliography: pages [20]-22.
|
| 650 |
|
0 |
|a Economics
|x Study and teaching (Secondary)
|
| 830 |
|
0 |
|a SSEC publication ;
|v no. 142.
|
| 830 |
|
0 |
|a ERIC/ChESS interpretative series ;
|v no. 2.
|
| 999 |
|
|
|a MARS
|
| 999 |
f |
f |
|s 11b1ae64-20c4-3b16-a9a3-53ed269a9c97
|i f22b086a-4dcf-394b-aec7-09b32522482c
|t 0
|
| 952 |
f |
f |
|p ric
|a Texas A&M University
|b Rellis Campus
|c Joint Library Facility
|d Remote Storage
|t 0
|e HB74.5 H44 1971a
|h Library of Congress classification
|i unmediated -- volume
|m A14806026051
|
| 998 |
f |
f |
|a HB74.5 H44 1971a
|t 0
|l Remote Storage
|